[Event "AUTO-BEG-147"]
[Site "http://www.queenalice.com/game.php?id=285390"]
[Date "2007.10.12"]
[Round "1"]
[White "matheusgarcia"]
[Black "leandropiccolo"]
[Result "1-0"]
[WhiteElo "1269"]
[BlackElo "1234"]

1. c4 e5 2. e4 Nf6 3. d3 Nc6 4. f3 Nd4 5. Na3 Bb4+ 6. Bd2 c5 7. Bc3 Nc6 8. d4
exd4 9. Bd2 b6 10. Ne2 Nh5 11. g4 Qh4+ 12. Ng3 Nxg3 13. hxg3 Qxh1 14. Nb5 O-O
15. a3 f5 16. axb4 Nxb4 17. Rxa7 Rxa7 18. Nxa7 Ba6 19. Qe2 d3 20. Qg2 Nc2+ 21.
Kd1 Qxg2 22. Bxg2 Na3 23. Bf1 Bxc4 24. bxa3 Ra8 25. Nb5 Bxb5 26. gxf5 Rxa3 27.
Bc1 Ra2 28. e5 Ba4+ 29. Ke1 Ra1 30. Kd2 c4 31. e6 c3+ 32. Ke3 Rxc1 33. Bxd3 Re1+
34. Kd4 Rd1 35. e7 d5 36. Kxd5 1-0

[Event "AUTO-BEG-147"]
[Site "http://www.queenalice.com/game.php?id=285405"]
[Date "2007.10.12"]
[Round "1"]
[White "matheusgarcia"]
[Black "DarKneSS"]
[Result "0-1"]
[WhiteElo "1307"]
[BlackElo "1384"]

1. Nc3 c6 2. b4 e5 3. e4 Bxb4 4. a3 Bc5 5. Nf3 f6 6. Nh4 g5 7. Nf5 d6 8. d3 Bxf5
9. exf5 Qc8 10. Bb2 Qxf5 11. g4 Qxf2# 0-1

[Event "AUTO-BEG-147"]
[Site "http://www.queenalice.com/game.php?id=285406"]
[Date "2007.10.12"]
[Round "1"]
[White "DarKneSS"]
[Black "matheusgarcia"]
[Result "1-0"]
[WhiteElo "1570"]
[BlackElo "1269"]

1. e4 g5 2. g3 e5 3. Bg2 Nc6 4. Nf3 f6 5. O-O Nh6 6. c3 b6 7. d4 Ba6 8. Re1 Ng4
9. dxe5 Ncxe5 10. Nxe5 fxe5 11. Qxg4 Bc5 12. Bxg5 Qc8 13. b4 Rg8 14. bxc5 h6 15.
Qh5+ Kf8 16. Bxh6+ Rg7 17. Bxg7+ Kxg7 18. Nd2 Qe8 19. Qxe8 Rxe8 20. Nf3 bxc5 21.
Ng5 c6 22. Rad1 c4 23. Rxd7+ Kg6 24. f4 Bc8 25. Rxa7 Rd8 26. Nf7 Rd7 27. Nxe5+
1-0

[Event "AUTO-BEG-147"]
[Site "http://www.queenalice.com/game.php?id=285407"]
[Date "2007.10.12"]
[Round "1"]
[White "matheusgarcia"]
[Black "rharshul"]
[Result "0-1"]
[WhiteElo "1271"]
[BlackElo "1433"]

1. c3 e5 2. g3 c5 3. b4 cxb4 4. cxb4 Bxb4 5. Qa4 Bd6 6. Nc3 b6 7. Qe4 Nc6 8. f4
Nf6 9. Qd3 Bc5 10. e3 Nb4 11. Qb1 d5 12. a3 Nc6 13. Qb5 Bd7 14. e4 Nd4 15. Qb2
dxe4 16. d3 exd3 17. Bxd3 Qe7 18. Qg2 Bc6 19. Nf3 Bxf3 20. fxe5 Bxg2 21. Rg1 Bb7
22. Rf1 Nc2+ 23. Bxc2 Qxe5+ 24. Kd1 Rd8+ 25. Bd2 Be3 26. Ba4+ Kf8 27. Ra2 Qxc3
28. Rf3 Bxf3+ 29. Ke1 Qxd2+ 0-1

[Event "AUTO-BEG-147"]
[Site "http://www.queenalice.com/game.php?id=285408"]
[Date "2007.10.12"]
[Round "1"]
[White "rharshul"]
[Black "matheusgarcia"]
[Result "1-0"]
[WhiteElo "1255"]
[BlackElo "1305"]

1. e4 e5 2. Nf3 d6 3. d4 Bg4 4. dxe5 dxe5 5. Qxd8+ Kxd8 6. Nxe5 Ke8 7. Nxg4 Nf6
8. Nc3 h5 9. Nxf6+ gxf6 10. Nd5 Nd7 11. Nxc7+ Ke7 12. Nxa8 Bh6 13. Bxh6 Rxh6 14.
O-O-O Rh8 15. Bb5 Rxa8 16. Rxd7+ Ke6 17. Rxb7 h4 18. Bc4+ Ke5 19. Rxf7 Kxe4 20.
Re1+ Kd4 21. Bb3 1-0

[Event "vamae?!!!!"]
[Site "http://www.queenalice.com/game.php?id=292120"]
[Date "2007.10.24"]
[Round "-"]
[White "zemaria"]
[Black "matheusgarcia"]
[Result "1-0"]
[WhiteElo "1665"]
[BlackElo "1291"]

1. Nf3 f5 2. d4 d5 3. Bf4 g6 4. Be5 Nf6 5. e3 Bh6 6. Nc3 Nc6 7. Bb5 a6 8. Bxc6+
bxc6 9. Na4 O-O 10. Nc5 Rb8 11. b3 Ne4 12. Nxe4 fxe4 13. Nd2 c5 14. c3 cxd4 15.
cxd4 Qd7 16. Rc1 Qg4 17. O-O Rf5 18. Qxg4 Rxf2 19. Qd1 Rf5 20. Rxf5 Bxf5 21. Bf4
Kg7 22. Bxh6+ Kxh6 23. Qc2 Rf8 24. Qxc7 Rf7 25. Rf1 Kg7 26. Qe5+ Rf6 27. Qxe7+
Rf7 28. Qe5+ Kf8 29. Qxd5 Kg7 30. Qxf7+ Kxf7 31. Nc4 h5 32. Nd6+ Kg7 33. Nxf5+
gxf5 34. Rxf5 Kg6 35. Rf4 1-0

[Event "Challenge"]
[Site "http://www.queenalice.com/game.php?id=293069"]
[Date "2007.10.26"]
[Round "-"]
[White "matheusgarcia"]
[Black "pedrogarciass"]
[Result "0-1"]
[WhiteElo "1309"]
[BlackElo "1710"]

1. d4 d5 2. Nc3 e6 3. g3 Bb4 4. Nf3 Bxc3+ 5. bxc3 Bd7 6. e3 Nf6 7. Rb1 b6 8. c4
Ne4 9. Qe2 Nc3 10. Qd3 Nxb1 11. Qb3 dxc4 12. Qxb1 b5 13. Ne5 f6 14. Bg2 c6 15.
Bxc6 Nxc6 16. Nxc6 Bxc6 17. f3 Bxf3 18. Rf1 Qd5 19. c3 a6 20. h4 Qh5 21. g4 Qxg4
22. e4 Bxe4 23. Kf2 Qf3+ 24. Kg1 Qg2# 0-1

[Event "mais uma?!!!!"]
[Site "http://www.queenalice.com/game.php?id=293770"]
[Date "2007.10.27"]
[Round "-"]
[White "zemaria"]
[Black "matheusgarcia"]
[Result "1-0"]
[WhiteElo "1650"]
[BlackElo "1307"]

1. e4 e5 2. Nf3 d6 3. d4 Nf6 4. Nc3 c6 5. dxe5 dxe5 6. Qxd8+ Kxd8 7. Be3 Nbd7 8.
Rd1 b5 9. a3 a5 10. Nxe5 h5 11. Be2 Be7 12. Nxf7+ Ke8 13. Nxh8 Ne5 14. Bd4 c5
15. Bxe5 Kf8 16. Bxf6 gxf6 17. Ng6+ Kg7 18. Nxe7 Be6 19. Nf5+ Kh7 20. Nxb5 Kg6
21. Nc7 1-0

[Event "vamae jaum?!!!!!!"]
[Site "http://www.queenalice.com/game.php?id=295067"]
[Date "2007.10.29"]
[Round "-"]
[White "matheusgarcia"]
[Black "samuelrmgs"]
[Result "0-1"]
[WhiteElo "1308"]
[BlackElo "1214"]

1. d4 d5 2. e3 Bf5 3. g4 Bxg4 4. Be2 Qd7 5. h3 Bxe2 6. Qxe2 Nh6 7. a4 Nf5 8. Nf3
e6 9. Ne5 Qd6 10. Nd3 Be7 11. e4 Nh4 12. Nc5 O-O 13. Nd2 Bg5 14. Qg4 Nc6 15.
Qxg5 Ng6 16. c3 dxe4 17. Ndxe4 Qe7 18. Nxb7 f6 19. Qb5 Rfb8 20. d5 exd5 21. Qxc6
Qxe4+ 22. Be3 Qxh1+ 23. Ke2 Qxa1 24. Nd8 Qxb2+ 25. Kf3 Nh4+ 26. Kf4 Rxd8 27. Kg4
Ng2 28. Qxc7 Nxe3+ 0-1

[Event "Challenge"]
[Site "http://www.queenalice.com/game.php?id=303461"]
[Date "2007.11.14"]
[Round "-"]
[White "zemaria"]
[Black "matheusgarcia"]
[Result "1-0"]
[WhiteElo "1738"]
[BlackElo "1273"]

1. e4 d6 2. d4 e5 3. dxe5 Nc6 4. exd6 cxd6 5. a3 Ne5 6. Be2 Nf6 7. Nc3 Be6 8.
Nf3 Qb6 9. Nxe5 dxe5 10. Bb5+ Nd7 11. a4 a6 12. Bxd7+ Bxd7 13. b3 Be7 14. Nd5
Qa7 15. Nc7+ Kf8 16. Nxa8 Qxa8 17. Qxd7 h5 18. O-O b5 19. Ba3 Rh6 20. Qxe7+ Kg8
21. Rad1 Re6 22. Rd8+ Kh7 23. Rxa8 Rxe7 24. Bxe7 1-0

[Event "testando peças 1"]
[Site "http://www.queenalice.com/game.php?id=309067"]
[Date "2007.11.24"]
[Round "-"]
[White "matheusgarcia"]
[Black "jw16js"]
[Result "0-1"]
[WhiteElo "1284"]
[BlackElo "1528"]

1. b4 e6 2. c3 b5 3. d4 d5 4. e3 Ba6 5. Nd2 Bd6 6. Ndf3 Nd7 7. a3 Ngf6 8. Bd3 c5
9. Nd2 Ne4 10. f3 Nxc3 11. Qc2 Qh4+ 12. g3 Bxg3+ 13. Kf1 Be1 14. Qxc3 Qf2# 0-1

[Event "vamae "]
[Site "http://www.queenalice.com/game.php?id=309178"]
[Date "2007.11.24"]
[Round "-"]
[White "matheusgarcia"]
[Black "samuelrmgs"]
[Result "1-0"]
[WhiteElo "1261"]
[BlackElo "1254"]

1. c4 c5 2. d3 d6 3. Nc3 Bg4 4. h3 Bf5 5. g4 Bg6 6. Bg2 Na6 7. Qb3 Qd7 8. h4
Qxg4 9. Qxb7 Qc8 10. Nb5 Bf5 11. Nxa7 e6 12. Nxc8 e5 13. Bc6+ Bd7 14. Qxd7# 1-0

[Event "Let's Play Chess!"]
[Site "http://www.queenalice.com/game.php?id=310380"]
[Date "2007.11.26"]
[Round "-"]
[White "stichchez"]
[Black "matheusgarcia"]
[Result "1-0"]
[WhiteElo "1100"]
[BlackElo "1273"]

1. d4 d5 2. Nc3 Nf6 3. e4 Nxe4 4. Nxe4 dxe4 5. f3 f5 6. Be3 g6 7. fxe4 fxe4 8.
Bc4 Bg7 9. Ne2 Nc6 10. O-O e6 11. Nf4 e5 12. dxe5 Qh4 13. Nd5 Kd8 14. Nf6+ Bd7
15. Qxd7# 1-0

[Event "Challenge"]
[Site "http://www.queenalice.com/game.php?id=313190"]
[Date "2007.11.30"]
[Round "-"]
[White "zemaria"]
[Black "matheusgarcia"]
[Result "1-0"]
[WhiteElo "1646"]
[BlackElo "1278"]

1. d4 d5 2. Nc3 Bf5 3. Bf4 Nc6 4. e3 f6 5. Nb5 e5 6. Bg3 Nh6 7. h3 a6 8. Nc3 Nb4
9. a3 Nxc2+ 10. Kd2 c6 11. Rc1 Nxa3 12. bxa3 Bb4 13. axb4 b6 14. Bd3 g6 15. Bxf5
O-O 16. Bg4 f5 17. Be2 Qd6 18. Bxe5 Qxb4 19. Rb1 Qa3 20. Qb3 Qe7 21. Qxb6 Rab8
22. Qxc6 Rbc8 23. Qxd5+ Nf7 24. Rb7 Qe8 25. Bxa6 Ra8 26. Bb5 Qc8 27. Bc6 h5 28.
Rc7 Rd8 29. Rxc8 1-0

[Event "Challenge"]
[Site "http://www.queenalice.com/game.php?id=322917"]
[Date "2007.12.19"]
[Round "-"]
[White "RAFAELI"]
[Black "matheusgarcia"]
[Result "1-0"]
[WhiteElo "1635"]
[BlackElo "1267"]

1. e4 e5 2. Bc4 Qf6 3. Na3 Bc5 4. Nh3 d6 5. c3 g5 6. g4 Nh6 7. Nb5 Kd8 8. f3
Nxg4 9. fxg4 Bxg4 10. Qxg4 h5 11. Qe2 g4 12. Rf1 Bf2+ 13. Nxf2 Nc6 14. Nxg4 Qh4+
15. Nf2 d5 16. Bxd5 Ne7 17. Bxb7 Rb8 18. Qd3+ Ke8 19. Nxc7+ Kf8 20. Qb5 Ng6 21.
Qc5+ Kg7 22. Qxa7 Qe7 23. Bd5 Rbc8 24. Nb5 Rc5 25. Qb6 Rhc8 26. Nd6 R5c6 27.
Bxc6 Qxd6 28. Qa7 Rxc6 29. Nh3 Qd3 30. Qxf7+ Kh6 31. Nf2 Qc4 32. d3+ Nf4 33.
dxc4 1-0

[Event "Challenge"]
[Site "http://www.queenalice.com/game.php?id=323543"]
[Date "2007.12.20"]
[Round "-"]
[White "pedrogarciass"]
[Black "matheusgarcia"]
[Result "1-0"]
[WhiteElo "1757"]
[BlackElo "1273"]

1. e4 e5 2. Nf3 f6 3. Bc4 c6 4. O-O d5 5. exd5 cxd5 6. Bb3 f5 7. Nxe5 Qe7 8. Re1
b6 9. Ng6 hxg6 10. Rxe7+ Nxe7 11. Qe2 Nd7 12. d4 Kd8 13. Bg5 Rh5 14. h4 Nf6 15.
Qe5 Ne4 16. Qxd5+ 1-0

[Event "Let's Play Chess!"]
[Site "http://www.queenalice.com/game.php?id=324305"]
[Date "2007.12.22"]
[Round "-"]
[White "matheusgarcia"]
[Black "YouLoseSorry"]
[Result "0-1"]
[WhiteElo "1276"]
[BlackElo "1605"]

1. c4 e5 2. e3 d6 3. d4 d5 4. cxd5 Qxd5 5. e4 Qxe4+ 6. Qe2 Qxd4 7. Bg5 f6 8. Bh4
g5 9. Nf3 Bb4+ 10. Nc3 Bxc3+ 11. Nd2 Bxb2 12. Rb1 gxh4 13. Nb3 Qc3+ 14. Nd2 Bf5
15. Qc4 Qxc4 16. Nxc4 Bc3+ 17. Kd1 Na6 18. Rb3 Rd8+ 19. Nd2 Bxd2 20. Rf3 Nh6 21.
g3 Nb4 22. g4 Bxg4 23. Bb5+ Nc6 24. h3 Bxf3+ 0-1

[Event "Challenge"]
[Site "http://www.queenalice.com/game.php?id=326384"]
[Date "2007.12.27"]
[Round "-"]
[White "matheusgarcia"]
[Black "FENIX_RJ"]
[Result "0-1"]
[WhiteElo "1271"]
[BlackElo "1564"]

1. Nc3 e5 2. e4 Nc6 3. Bc4 Bc5 4. Nd5 Nge7 5. d3 Nd4 6. Bd2 d6 7. c3 Ndc6 8. d4
exd4 9. Qh5 Be6 10. Bg5 O-O 11. Bd3 Qd7 0-1